Contribution to the Project of the Global Telecommunication University

Bibliographic Details
Main Authors: Klimo, Martin, 1949- (Author), Dado, Milan, 1951- (Author), Perényiová, Jiřina (Author)
Format: Article
Language:English
PhysicalDescription:Sch. 1
Subjects:

MARC

LEADER 00000nab a2200000 a 4500
001 vtls000556477
003 SK-MaSNL
005 20260318133259.0
008 120929c1994 xo 0 eng
015 |a SNBRA19rr/mm-uuuuu 
035 |a CL0556615 
040 |a SNKBUCL  |b slo  |c SNKBUCL  |e AACR2 
041 0 |a eng 
044 |a xo  |c SK 
080 |a 378.665.4.001.13(100)  |2 1981 
100 1 |a Klimo, Martin,  |d 1949-  |4 aut  |9 264559 
245 1 0 |a Contribution to the Project of the Global Telecommunication University  |c Martin Klimo, Milan Dado, Jiřina Perényiová 
300 |b Sch. 1 
500 |a Paralelný text v slov. na s. 372-380 
650 0 7 |a Svetová telekomunikačná univerzita  |2 snkbucl  |9 1209397 
655 7 |a články zo zborníkov  |2 snkbucl  |9 166140 
700 1 |a Dado, Milan,  |d 1951-  |4 aut  |9 117700 
700 1 |a Perényiová, Jiřina  |4 aut  |9 303994 
773 0 |t T.I.S. '94. Zasadnutie 1-2  |d Žilina : Vysoká škola dopravy a spojov, 1994  |g S. 329-334 
850 |a Slovenská národná knižnica v Martine  |a MTA001 
852 |a SNK  |b KIS3GCP 
958 |a RK 
992 |a RZB 
999 |c 2115673  |d 2117603